[Event "Trophee Roza Lallemand Online"]
[Site "Tornelo INT"]
[Date "2020.12.13"]
[Round "6"]
[White "Schildknecht, Laetitia"]
[Black "Pentcheff, Julie"]
[Result "0-1"]
[WhiteElo "1406"]
[BlackElo "1303"]
[PlyCount "104"]
[EventDate "2020.12.13"]
[EventType "swiss (rapid)"]
[EventRounds "9"]
[EventCountry "USA"]
[SourceTitle "EXT 2022"]
[Source "ChessBase"]
[SourceDate "2021.10.06"]
[SourceVersion "1"]
[SourceVersionDate "2021.10.06"]
[SourceQuality "1"]

1. e4 c6 2. d4 d5 3. Nc3 dxe4 4. Nxe4 Nf6 5. Nxf6+ gxf6 6. Bc4 Bf5 7. Bf4 e6 8. Nf3 Bd6 9. Bxd6 Qxd6 10. Bb3 Nd7 11. Rc1 0-0-0 12. c4 Qb4+ 13. Qd2 Qe7 14. 0-0 Nc5 15. Qb4 Rhg8 16. Nh4 Rxd4 17. Nxf5 exf5 18. Rfe1 Qd6 19. Rcd1 Nd3 20. Qxd6 Rxd6 21. Re7 Rgd8 22. h3 Nxb2 23. Rxd6 Rxd6 24. Rxf7 Nd3 25. Rxh7 Nc5 26. Rf7 Nxb3 27. axb3 Rd1+ 28. Kh2 Rd2 29. Rxf6 Rxf2 30. Kg3 Rb2 31. Rxf5 Rxb3+ 32. Rf3 Rxf3+ 33. gxf3 a5 34. h4 a4 35. h5 a3 36. h6 a2 37. h7 a1Q 38. Kg4 Qd4+ 39. f4 Qg7+ 40. Kf5 Qxh7+ 41. Ke6 Qh4 42. f5 Qxc4+ 43. Ke5 Qc5+ 44. Kf4 b5 45. f6 b4 46. f7 b3 47. f8Q+ Qxf8+ 48. Ke4 b2 49. Kd3 b1Q+ 50. Kc4 Qf4+ 51. Kc5 Qbf5+ 52. Kxc6 Qh6# 0-1

[Event "Trophee Roza Lallemand Online"]
[Site "Tornelo INT"]
[Date "2020.12.13"]
[Round "4"]
[White "Vantet, Pascale"]
[Black "Pentcheff, Julie"]
[Result "1-0"]
[WhiteElo "1574"]
[BlackElo "1303"]
[PlyCount "123"]
[EventDate "2020.12.13"]
[EventType "swiss (rapid)"]
[EventRounds "9"]
[EventCountry "USA"]
[SourceTitle "EXT 2022"]
[Source "ChessBase"]
[SourceDate "2021.10.06"]
[SourceVersion "1"]
[SourceVersionDate "2021.10.06"]
[SourceQuality "1"]

1. d4 c6 2. c4 d5 3. e3 Bf5 4. Nc3 e6 5. Nf3 Bb4 6. Bd2 Nf6 7. cxd5 cxd5 8. Bb5+ Nc6 9. 0-0 0-0 10. Rc1 Bg4 11. Be2 Re8 12. a3 Ba5 13. b4 Bc7 14. h3 Bxf3 15. Bxf3 Qd6 16. g3 Ne7 17. Bg2 Nf5 18. Be1 g6 19. Qf3 Nh5 20. Ne2 Nh4 21. Qg4 Nxg2 22. Kxg2 Qa6 23. Rxc7 Rec8 24. Rxc8+ Rxc8 25. Nf4 Nxf4+ 26. gxf4 Qxa3 27. h4 Rc2 28. Qg3 Qd3 29. h5 Qe4+ 30. Qf3 Qf5 31. Rh1 gxh5 32. Rxh5 Qf6 33. Rg5+ Kf8 34. Qh3 Rc1 35. Qxh7 Rxe1 36. Rg8+ Ke7 37. Rb8 Qf5 38. Rxb7+ Kd6 39. Qxf5 exf5 40. Rxf7 Rb1 41. Rxa7 Rxb4 42. Ra6+ Ke7 43. Ra2 Rb5 44. Kg3 Rb4 45. Kh4 Kf6 46. Ra6+ Ke7 47. Kg5 Rb2 48. Kxf5 Rxf2 49. Ke5 Re2 50. Ra7+ Kd8 51. Kxd5 Rxe3 52. f5 Rf3 53. Kd6 Kc8 54. Rf7 Rf4 55. d5 Ra4 56. Rf8+ Kb7 57. f6 Ra6+ 58. Ke5 Kc7 59. f7 Kd7 60. Re8 Ra1 61. Rd8+ Ke7 62. f8Q# 1-0